000 00359 a2200157 4500
001 193061
020 _a978-85-00-02091-9
040 _cMagnum
100 _aGhahramani, Zarah
240 1 0 _aMinha vida como traidora
_lpor
245 1 0 _aMinha vida como traidora
300 _a254
362 0 _a2009
697 _aLITERATURA GERAL ESTRANGEIRA
942 _cBK
999 _c193061
_d193061